Réformer l'orthographe ?

Na minha lista:
Detalhes bibliográficos
Autor principal: Michel Arrivé
Formato: Livro
Idioma:Undetermined
Publicado em: Paris PUF 1993
Assuntos:
Tags: Adicionar Tag
Sem tags, seja o primeiro a adicionar uma tag!
Thư viện lưu trữ: Trung tâm Học liệu Trường Đại học Cần Thơ
LEADER 00473nam a2200181Ia 4500
001 CTU_56416
008 210402s9999 xx 000 0 und d
082 |a 411 
082 |b A77 
100 |a Michel Arrivé 
245 0 |a Réformer l'orthographe ? 
245 0 |c Michel Arrivé 
260 |a Paris 
260 |b PUF 
260 |c 1993 
650 |a language and languages 
650 |x orthograph and spelling 
980 |a Trung tâm Học liệu Trường Đại học Cần Thơ